| 000 | 00894cab a2200265 4500 | ||
|---|---|---|---|
| 001 | ABS58004 | ||
| 008 | 090401t1997 xxu||||| |||| 00| 0 eng d | ||
| 035 | _a(Sirsi) u82921 | ||
| 041 | _aeng | ||
| 100 | _aGameson, R. | ||
| 245 | _aClient characteristics and needs in relation to their selection of building procurement systems | ||
| 260 | _c1997 | ||
| 350 | _a0 | ||
| 490 |
_aBuilding Economist _vDecember 1997, 19-25(7) |
||
| 520 | _aLooks at the categorisation of construction clients, advocating that different procurement methods will have to be used to meet with their varying experience and needs. References. | ||
| 650 | _aBUILT ENVIRONMENT | ||
| 650 | _aCLIENT BEHAVIOUR | ||
| 650 | _aCLIENT EXPERIENCE | ||
| 650 | _aCLIENT TYPES | ||
| 650 | _aCONSTRUCTION CLIENTS | ||
| 650 | _aPROCUREMENT METHODS | ||
| 700 | _aMasterman, J. | ||
| 942 | _n0 | ||
| 948 | _c05/01/1998 | ||
| 999 |
_c52377 _d52377 |
||